000 00318nam a22001457a 4500
003 OSt
005 20220318092547.0
008 220318b |||||||| |||| 00| 0 eng d
020 _a9788180141706
040 _cHU
082 _a693.5
100 _aGupta
_91644
245 _aConcrete Technology
942 _2ddc
_cBOOKS
_n0
999 _c33100
_d33100